Top 12 Europäische Länder - WM Teilnahmen - Statistiken

Allgemein
  • Dieses Quiz wurde 350 mal gespielt
    119 seit der letzten Aktualisierung
  • Das Durchschnittsergebnis liegt bei 9 aus 12
Antwortstatistiken
# Nation % Korrekt
21 Deutschland
100%
17 Frankreich
98%
17 Spanien
98%
19? Italien
96%
17 England
89%
9 Portugal
87%
12 Niederlande
83%
15 Belgien
66%
10? Polen
58%
13 Schweiz
56%
13? Schweden
44%
9 Ungarn
28%
Keine übereinstimmenden Quizze gefunden
Verteilung der Resultate
Anzahl Personen mit jedem Resultat
Perzentil nach korrekt beantworteten Fragen
Ihre Resultats-Entwicklung
Sie haben dieses Quiz seit der letzten Aktualisierung nicht gespielt